000 00352 a2200157 4500
001 59701
020 _a8508040326
040 _cAnchieta - Pituba
100 _aAlbuquerque, Medeiros e
240 1 0 _aHistórias de detetive
_lpor
245 1 0 _aHistórias de detetive
300 _a112
362 0 _a2002
650 4 _aLiteratura juvenil
942 _cBK
999 _c59701
_d59701